Statistics for Top 100 MLB Players Entering 2019

Click here to take the quiz!

General Stats

  • This quiz has been taken 1,791 times
  • The average score is 62 of 100

Answer Stats

HintAnswer% Correct
Angels (OF)Mike Trout
100%
Astros (2B)Jose Altuve
97%
Red Sox (OF)Mookie Betts
97%
Yankees (OF)Aaron Judge
95%
Rockies (3B)Nolan Arenado
95%
Phillies (OF)Bryce Harper
94%
Brewers (OF)Christian Yelich
94%
Indians (SS)Francisco Lindor
94%
Nationals (SP)Max Scherzer
94%
Mets (SP)Jacob deGrom
93%
Astros (3B)Alex Bregman
92%
Dodgers (SP)Clayton Kershaw
90%
Braves (1B)Freddie Freeman
90%
Astros (SP)Justin Verlander
90%
Padres (SS/3B)Manny Machado
90%
Red Sox (SP)Chris Sale
89%
Yankees (DH/OF)Giancarlo Stanton
89%
Reds (1B)Joey Votto
89%
Dodgers (3B)Justin Turner
87%
Nationals (SS)Trea Turner
87%
Cubs (1B)Anthony Rizzo
86%
Red Sox (DH/OF)J.D. Martinez
86%
Cubs (3B)Kris Bryant
86%
Cardinals (1B)Paul Goldschmidt
86%
Nationals (3B)Anthony Rendon
84%
Astros (SS)Carlos Correa
84%
Indians (3B)Jose Ramirez
84%
Yankees (RP)Aroldis Chapman
82%
Cubs (2B/SS)Javier Baez
82%
Athletics (3B)Matt Chapman
82%
Braves (OF)Ronald Acuna Jr.
81%
Rockies (SS)Trevor Story
80%
Indians (SP)Corey Kluber
79%
Dodgers (OF/1B)Cody Bellinger
78%
Phillies (SP)Aaron Nola
77%
Astros (SP)Gerrit Cole
77%
Astros (OF)George Springer
74%
Rays (SP)Blake Snell
73%
Rockies (OF)Charlie Blackmon
73%
Phillies (C)J.T. Realmuto
73%
Nationals (OF)Juan Soto
71%
Dodgers (SS)Corey Seager
69%
Brewers (OF)Lorenzo Cain
64%
Red Sox (SS)Xander Bogaerts
64%
Brewers (RP)Josh Hader
63%
Nationals (SP)Stephen Strasburg
62%
Angels (SS)Andrelton Simmons
61%
Yankees (C)Gary Sanchez
61%
Indians (SP)Trevor Bauer
61%
Giants (C)Buster Posey
60%
Angels (DH/SP)Shohei Ohtani
60%
Royals (2B)Whit Merrifield
60%
White Sox (1B)Jose Abreu
57%
Yankees (SP)Luis Severino
57%
Twins (DH)Nelson Cruz
57%
Braves (2B)Ozzie Albies
57%
Cardinals (3B)Matt Carpenter
56%
Atheltics (1B)Matt Olson
56%
Mets (RP)Edwin Diaz
55%
Athletics (DH)Khris Davis
55%
Dodgers (1B)Max Muncy
55%
Phillies (1B)Rhys Hoskins
55%
Reds (3B)Eugenio Suarez
54%
Yankees (2B/SS)Gleyber Torres
54%
Braves (3B)Josh Donaldson
54%
Diamondbacks (SP)Zack Greinke
54%
Giants (SP)Madison Bumgarner
52%
Mets (2B)Robinson Cano
51%
Mets (SP)Noah Syndergaard
49%
Dodgers (SP)Walker Buehler
48%
Free Agent (RP)Craig Kimbrel
46%
Red Sox (SP)David Price
46%
Indians (SP)Carlos Carrasco
44%
Dodgers (RP)Kenley Jansen
44%
Cubs (SP)Jon Lester
43%
Mets (OF)Michael Conforto
42%
Yankees (OF)Aaron Hicks
41%
Mariners (OF)Mitch Haniger
41%
Red Sox (OF)Andrew Benintendi
40%
Astros (OF)Michael Brantley
40%
Nationals (SP)Patrick Corbin
39%
Angels (OF)Justin Upton
38%
Indians (SP)Mike Clevinger
38%
Phillies (SS)Jean Segura
37%
Cardinals (OF)Marcell Ozuna
37%
Rays (OF)Tommy Pham
37%
Brewers (C)Yasmani Grandal
37%
Tigers (OF)Nicholas Castellanos
34%
Mets (OF)Brandon Nimmo
32%
Brewers (1B)Jesus Aguilar
32%
Nationals (RP)Sean Doolittle
32%
Yankees (3B)Miguel Andujar
30%
Phillies (OF)Andrew McCutchen
29%
Rockies (SP)Kyle Freeland
29%
Athletics (RP)Blake Treinen
27%
Reds (2B)Scooter Gennett
27%
Reds (OF)Yasiel Puig
27%
Diamondbacks (OF)David Peralta
26%
Brewers (3B)Travis Shaw
23%
Athletics (OF)Stephen Piscotty
13%

Score Distribution

Percentile by Number Answered

Percent of People with Each Score

Your Score History

You have not taken this quiz